Most streamed Hip-Hop songs - Statistics

General Stats
  • This quiz has been taken 97 times
  • The average score is 12 of 25
Answer Stats
artist Answer % Correct
Juice Wrld Lucid dreams
91%
Post Malone, 21 Savage rockstar
91%
Dababy, Roddy Ricch ROCKSTAR
91%
Xxxtentacion SAD!
76%
Travis Scott SICKO MODE
70%
Drake God's plan
69%
Kendrick Lamar HUMBLE.
69%
Roddy Ricch The Box
68%
Travis Scott goosebumps
66%
Lil Nas X, Billy Ray Cyrus Old Town Road
50%
Wiz Khalifa, Charlie Puth See You Again
47%
Xxxtentacion Jocelyn Flores
45%
French Montana, Swae Lee Unforgettable
43%
Xxxtentacion Moonlight
42%
Post Malone Congratulations
35%
Eminem Lose Yourself
35%
24goldn, Iann Dior Mood
35%
Arizona Zervas ROXANNE
35%
Eminem, Nate Dogg Till I Collapse
32%
Post Malone Better Now
20%
Cardi B, Bad Bunny I Like It
19%
Lil Uzi Vert XO tour Llif3
18%
Post Malone Psycho
11%
Post Malone Wow.
9%
Post Malone I Fall Apart
1%
No matching quizzes found
Score Distribution
Percent of People with Each Score
Percentile by Number Answered
Your Score History
You have not taken this quiz